| 000 | 00558nam a22001937a 4500 | ||
|---|---|---|---|
| 003 | 0 | ||
| 005 | 20240925143409.0 | ||
| 008 | 240925b xxu||||| |||| 00| 0 eng d | ||
| 020 | _a9781119627579 | ||
| 050 |
_aHQ 1062 _b.K73 2020 |
||
| 100 |
_aKrantz, Matt, _eauthor. |
||
| 245 |
_aRetirement planning for dummies / _cMatt Krantz. |
||
| 260 |
_aNew Jersey : _bJohn Wiley & Sons, Inc., _c2020. |
||
| 300 |
_axi, 338 p. : _bill. ; _c24 cm. |
||
| 440 | _aLearning Made Easy. | ||
| 504 | _aIncludes index. | ||
| 650 |
_aRetirement _xplanning. |
||
| 942 |
_2lcc _cBK |
||
| 999 |
_c366395 _d366395 |
||